PRODUCTION AND OPERATIONS MANAGEMENT (Record no. 8902)
[ view plain ]
| 000 -LEADER | |
|---|---|
| fixed length control field | 00911nam a22001697a 4500 |
| 003 - CONTROL NUMBER IDENTIFIER | |
| control field | SGT |
| 020 ## - INTERNATIONAL STANDARD BOOK NUMBER | |
| International Standard Book Number | 9780195690873 |
| 082 ## - DEWEY DECIMAL CLASSIFICATION NUMBER | |
| Classification number | 658.5 BED |
| 100 ## - MAIN ENTRY--PERSONAL NAME | |
| Personal name | BEDI, KANISHKA |
| 245 ## - TITLE STATEMENT | |
| Title | PRODUCTION AND OPERATIONS MANAGEMENT |
| 250 ## - EDITION STATEMENT | |
| Edition statement | 2ND |
| 260 ## - PUBLICATION, DISTRIBUTION, ETC. (IMPRINT) | |
| Place of publication, distribution, etc | NEW DELHI |
| Name of publisher, distributor, etc | OXFORD |
| Year of Publication | 2013 |
| 300 ## - PAGE DESCRIPTION | |
| No. of Pages | 753 |
| 650 ## - SUBJECT ADDED ENTRY--TOPICAL TERM | |
| Topical term or geographic name as entry element | PRODUCTION AND OPERATIONS MANAGEMENT |
| 653 ## - KEYWORDS--INDEX TERM | |
| Keyword term | INTRODUCTION TO PRODUCTION AND OPERATIONS MANAGEMENT . SERVICE OPERATIONS MANAGEMENT . OUTSOURCING AND OFF SHORING . FACILITY LOCATION PLANNING . FACILITY CAPACITY AND LAYOUT PLANNING . PROJECT MANAGEMENT . INVENTORY MANAGEMENT . MATERIALS REQUIREMENT PLANNING, JUST-IN-TIME, AND SUPPLY CHAIN MANAGEMENT . TOTAL PRODUCTIVE MAINTENANCE . AGGREGATE PLANNING . WORK DESIGN OPERATIONS SCHEDULING . QUALITY MANAGEMENT . DEMAND FORECASTING . OPERATIONS STRATEGIES ANSWERS TO NUMERICAL PROBLEMS APPENDIX: STATISTICAL TABLES |
| 942 ## - ADDED ENTRY ELEMENTS (KOHA) | |
| Source of classification or shelving scheme | Dewey Decimal Classification |
| Koha item type | FCM Books |
| 942 ## - ADDED ENTRY ELEMENTS (KOHA) | |
| -- | 20 |
| Withdrawn status | Lost status | Source of classification or shelving scheme | Damaged status | Not for loan | Collection code | Home library | Current library | Shelving location | Date acquired | Vendor Name | Cost, normal purchase price | SGTU | Bill Number | Total Checkouts | Full call number | Accession No. (Barcode) | Date last seen | Date last borrowed | Bill Date | Koha item type |
|---|---|---|---|---|---|---|---|---|---|---|---|---|---|---|---|---|---|---|---|---|
| Dewey Decimal Classification | COMMERCE MANAGEMENT | SGT Science & Social Sciences Library | SGT Science & Social Sciences Library | Text Book | 02/06/2016 | KIRTI PRKASHAN | 495.00 | SGTU | 2308 | 19 | 658.5 | CM605 | 17/01/2025 | 30/12/2024 | 05/03/2015 | FCM Books | ||||
| Dewey Decimal Classification | COMMERCE MANAGEMENT | SGT Science & Social Sciences Library | SGT Science & Social Sciences Library | Text Book | 02/06/2016 | KIRTI PRKASHAN | 495.00 | SGTU | 2308 | 7 | 658.5 | CM606 | 16/01/2025 | 15/01/2025 | 03/05/2015 | FCM Books |